The Dacca law reports : a monthly law journal. Volume XXVIII /

Podrobná bibliografie
Korporativní autor: Chowdhury, Obaidul Haque
Médium: Kniha
Jazyk:English
Vydáno: Dacca [Bangladesh] : Dhaka Law Reports, 1976.
Témata:
Classic Catalogue: View this record in Classic Catalogue
LEADER 01826nam a2200337 a 4500
001 0020919
003 BD-DhAAL
008 100927s1976 bg w 000 0 eng d
040 |a BD-DhAAL  |c BD-DhAAL 
082 0 0 |a 348.5492046 
130 0 |a DLR  |9 4051 
245 0 4 |a The Dacca law reports :  |b a monthly law journal.  |n Volume XXVIII /  |c Obaidul Haque Chowdhury, editor. 
246 1 7 |a The Dhaka Law Reports. 
260 |a Dacca [Bangladesh] :  |b Dhaka Law Reports,  |c 1976. 
300 |a Various p. ;  |c 25 cm 
362 0 |a Vol. 28 (1976) 
500 |a Index of cases of the appellate division of the supreme court of Bangladesh. 
500 |a "A journal of law reports." 
500 |a Latest issue consulted: Vol.XXVIII, January to December, 1976 
526 |a SOL  |x Saira Rahman Khan, Associate Professor School of Law BRAC University 
541 |e 0020919, 0022313  |a Anupam Gyan Bhandar 
590 |a Published yearly. 
650 0 |a Law reports, digests, etc.  |z Bangladesh.  |9 4052 
650 0 |a Law reports, digests, etc.  |z India  |z Bengal.  |9 4053 
710 1 |a Chowdhury, Obaidul Haque.  |9 3864 
852 1 |a Ayesha Abed Library  |c Reference shelf  
942 |2 ddc  |c 1HOUR  |0 4 
999 |c 10676  |d 10676 
952 |0 0  |1 0  |2 ddc  |4 0  |6 348_549204600000000_DAC  |7 0  |8 REF  |9 16042  |a BRACUL  |b BRACUL  |c REF  |d 2011-04-10  |l 0  |o 348.5492046 DAC  |p 3010022313  |r 2013-10-02  |t 2  |w 2011-04-10  |y 1HOUR 
952 |0 0  |1 0  |2 ddc  |4 0  |6 348_549204600000000_DAC  |7 0  |8 REF  |9 23994  |a BRACUL  |b BRACUL  |c REF  |d 2014-03-20  |e Anupam Gyan Bhandar  |l 4  |o 348.5492046 DAC  |p 3010020919  |r 2017-11-17  |s 2017-11-17  |t 1  |w 2014-03-20  |y 1HOUR  |x Requisitioned by Saira Rahman Khan, Associate Professor, School of Law, BRAC University. 
952 |0 0  |1 0  |2 ddc  |4 0  |6 348_549200000000000_046_DAC  |7 0  |8 REF  |9 54131  |a BRACUL  |b BRACUL  |c REF  |d 2015-06-08  |g 994.00  |l 4  |o 348.5492046 DAC  |p 3010029135  |r 2020-03-12  |s 2020-03-12  |t 3  |w 2015-06-08  |y 1HOUR